000 00416nam a2200181Ia 4500
001 19018
005 20260306171713.0
008 260306s9999||||xx |||||||||||||| ||und||
041 _aESP
082 _a658.787
_bO85
100 _aOtamendi, F. Javier
_eAUT
245 0 _aGestión de stocks
260 _c2011
300 _a64 páginas :
_c29 cm.
650 _aGEN
654 _aCAN
942 _cLIB
_dJUS
_fJUS
_2ddc
_n
999 _c19018
_d19018